[Event "Copenhagen Chess Challenge 2010"]
[Site "Ballerup"]
[Date "2010.??.??"]
[Round "8"]
[White "Hove, Esben Kjems"]
[Black "Skytte, Rasmus"]
[Result "1/2-1/2"]
[WhiteElo "2269"]
[BlackElo "2386"]
[PlyCount "36"]
[EventDate "2010.??.??"]
[EventType "swiss"]
[EventRounds "9"]
[EventCountry "DEN"]

1. d4 Nf6 2. Nf3 c5 3. c3 d5 4. g3 e6 5. Bg2 Nbd7 6. O-O Be7 7. Ne5 cxd4 8.
cxd4 O-O 9. Nc3 Qb6 10. Nf3 Ne4 11. Nxe4 dxe4 12. Nd2 f5 13. Qb3 Qxd4 14. Qxe6+
Rf7 15. Nb3 Qa4 16. Qd5 Nb6 17. Qd4 Qb5 18. Qd1 Be6 1/2-1/2

[Event "Copenhagen Chess Challenge 2010"]
[Site "Ballerup"]
[Date "2010.??.??"]
[Round "8"]
[White "De Verdier, Michael"]
[Black "Bejtovic, Jasmin"]
[Result "1/2-1/2"]
[WhiteElo "2286"]
[BlackElo "2384"]
[PlyCount "38"]
[EventDate "2010.??.??"]
[EventType "swiss"]
[EventRounds "9"]
[EventCountry "DEN"]

1. e4 d6 2. c4 Nf6 3. Nc3 g6 4. g3 Bg7 5. Bg2 O-O 6. Nge2 c5 7. O-O Nc6 8. d3
Ne8 9. a3 Nc7 10. Rb1 a5 11. h3 Ne6 12. Nd5 Ned4 13. Nxd4 Nxd4 14. Bg5 Re8 15.
Kh2 a4 16. h4 Be6 17. h5 Bxd5 18. exd5 Bf6 19. Be3 Kg7 1/2-1/2

[Event "Copenhagen Chess Challenge 2010"]
[Site "Ballerup"]
[Date "2010.??.??"]
[Round "8"]
[White "Carstensen, Jacob"]
[Black "Both, Erik"]
[Result "1-0"]
[WhiteElo "2295"]
[BlackElo "2188"]
[PlyCount "75"]
[EventDate "2010.??.??"]
[EventType "swiss"]
[EventRounds "9"]
[EventCountry "DEN"]

1. d4 g6 2. c4 Bg7 3. g3 c5 4. d5 d6 5. Bg2 b5 6. cxb5 a6 7. bxa6 Nd7 8. Nf3
Bxa6 9. Nc3 Ngf6 10. O-O O-O 11. Rb1 Qa5 12. Bd2 Rfb8 13. b3 Ng4 14. Qc2 Nge5
15. Nxe5 Nxe5 16. a4 c4 17. b4 Qc7 18. h3 f5 19. Rfc1 Qd7 20. Be3 Bb7 21. a5 e6
22. Rd1 Kh8 23. Bb6 exd5 24. Nxd5 Rc8 25. Bd4 Bxd5 26. Bxd5 Rab8 27. Qc3 Qb5
28. Bg2 Rg8 29. f4 Nc6 30. Bxg7+ Rxg7 31. Rd5 Qa4 32. Rxd6 Nxb4 33. Rxb4 Qxb4
34. Rd8+ Rxd8 35. Qxb4 Rc7 36. Qb6 Rdd7 37. Qf6+ Rg7 38. Qd8+ 1-0

[Event "Copenhagen Chess Challenge 2010"]
[Site "Ballerup"]
[Date "2010.??.??"]
[Round "8"]
[White "Stigar, Petter"]
[Black "Brondt, Nicolai Kvist"]
[Result "1-0"]
[WhiteElo "2281"]
[BlackElo "2087"]
[PlyCount "91"]
[EventDate "2010.??.??"]
[EventType "swiss"]
[EventRounds "9"]
[EventCountry "DEN"]

1. Nf3 d5 2. c4 c6 3. g3 Nf6 4. Bg2 g6 5. O-O Bg7 6. d4 O-O 7. b3 Ne4 8. Bb2
Nd7 9. Nbd2 Ndf6 10. Nxe4 Nxe4 11. Nd2 Nxd2 12. Qxd2 Qb6 13. cxd5 cxd5 14. Rfc1
Rd8 15. Rc5 e6 16. Bc3 Qa6 17. e3 Bf8 18. Bf1 Qd6 19. Bb4 Qb8 20. Rc2 Bxb4 21.
Qxb4 Bd7 22. Rac1 a5 23. Qb6 Qa7 24. Qxa7 Rxa7 25. Rc7 Kf8 26. a4 Ke7 27. f3
Kd6 28. Kf2 Raa8 29. Rxb7 Rac8 30. Rb6+ Ke7 31. Rc5 Rb8 32. Rxb8 Rxb8 33. Rc3
Rc8 34. Rxc8 Bxc8 35. Ke1 Kd6 36. Kd2 e5 37. Kc3 g5 38. b4 axb4+ 39. Kxb4 f5
40. f4 exf4 41. exf4 g4 42. a5 Kc6 43. Bb5+ Kd6 44. a6 h6 45. a7 Bb7 46. Bd3
1-0

[Event "Copenhagen Chess Challenge 2010"]
[Site "Ballerup"]
[Date "2010.??.??"]
[Round "8"]
[White "Vesterli, Michael E"]
[Black "Rosenkilde, Alexander"]
[Result "1-0"]
[WhiteElo "1795"]
[BlackElo "2207"]
[PlyCount "153"]
[EventDate "2010.??.??"]
[EventType "swiss"]
[EventRounds "9"]
[EventCountry "DEN"]

1. d4 Nf6 2. c4 e6 3. Nf3 Bb4+ 4. Bd2 Qe7 5. e3 Nc6 6. a3 Bxd2+ 7. Nbxd2 a5 8.
Bd3 d6 9. Bc2 O-O 10. O-O e5 11. d5 Nb8 12. e4 Na6 13. b4 Bd7 14. Qb1 Rfb8 15.
Bd3 c6 16. Qb2 g6 17. Rfb1 Ne8 18. c5 f6 19. Nc4 cxd5 20. Nb6 Ra7 21. Nxd5 Qd8
22. Bc4 Be6 23. Qb3 Bxd5 24. Bxd5+ Kg7 25. c6 bxc6 26. Bxc6 Qb6 27. b5 Nc5 28.
Qd5 Nc7 29. Qxd6 N7e6 30. Qd2 Rd8 31. Qe3 Rd3 32. Qe1 Nd8 33. Bd5 Rc7 34. Bc4
Rd6 35. Bd5 Ndb7 36. Nd2 Nd3 37. Qf1 Qd4 38. Nf3 Qc3 39. Rd1 Nbc5 40. a4 f5 41.
Bc6 fxe4 42. Nd2 Rd4 43. Qe2 Rf7 44. Nxe4 Nxe4 45. Bxe4 Rxf2 46. Qe3 Qb2 47.
Rxd3 Re2 48. Qc1 Qxc1+ 49. Rxc1 Rexe4 50. Rxd4 Rxd4 51. Rb1 Rd7 52. Kf2 Kf6 53.
Ke3 Ke6 54. b6 Rb7 55. Ke4 Kd6 56. Rb5 Kc6 57. Rxe5 Rf7 58. Rb5 Kb7 59. Rb2 Rf1
60. Rb5 Rf2 61. Rxa5 Rxg2 62. Ra7+ Kxb6 63. Rxh7 Ka5 64. Kf3 Rc2 65. Rh4 g5 66.
Rh5 Kxa4 67. h3 Kb5 68. Rxg5+ Kc6 69. Re5 Kd6 70. Re1 Rc4 71. Kg3 Kd5 72. h4
Re4 73. Rxe4 Kxe4 74. Kg4 Ke5 75. Kg5 Ke6 76. Kg6 Ke7 77. Kg7 1-0

[Event "Copenhagen Chess Challenge 2010"]
[Site "Ballerup"]
[Date "2010.??.??"]
[Round "8"]
[White "Thestrup, Sixten"]
[Black "Nilssen, John Arni"]
[Result "0-1"]
[WhiteElo "1930"]
[BlackElo "2372"]
[PlyCount "76"]
[EventDate "2010.??.??"]
[EventType "swiss"]
[EventRounds "9"]
[EventCountry "DEN"]

1. c4 Nf6 2. g3 g6 3. Bg2 Bg7 4. Nc3 O-O 5. e4 c5 6. Nge2 d6 7. O-O Nc6 8. d3
Nd4 9. Nxd4 cxd4 10. Ne2 Nd7 11. b4 a5 12. Bb2 Qb6 13. b5 a4 14. Ba3 e6 15. f4
f5 16. exf5 gxf5 17. Kh1 Kh8 18. Ng1 Nc5 19. Nf3 Bd7 20. Qe2 Rae8 21. Rae1 Qc7
22. Bxc5 Qxc5 23. Ng5 h6 24. Nf3 Bf6 25. Nh4 Bxh4 26. gxh4 b6 27. Rg1 Rf6 28.
Bf3 Qc7 29. Qg2 Bc8 30. Bc6 Ref8 31. a3 Qe7 32. Qf3 R8f7 33. Re2 Rg7 34. Reg2
Rxg2 35. Qxg2 Rf8 36. Qg6 Qf6 37. Qh5 Kh7 38. Be8 Rxe8 0-1

[Event "Copenhagen Chess Challenge 2010"]
[Site "Ballerup"]
[Date "2010.??.??"]
[Round "8"]
[White "Kristensen, Kaare Hove"]
[Black "Hvenekilde, Jorgen"]
[Result "1-0"]
[WhiteElo "2258"]
[BlackElo "2128"]
[PlyCount "43"]
[EventDate "2010.??.??"]
[EventType "swiss"]
[EventRounds "9"]
[EventCountry "DEN"]

1. e4 e5 2. d4 exd4 3. Nf3 d6 4. Nxd4 Nf6 5. Nc3 a6 6. Bf4 Be7 7. Qd2 O-O 8.
O-O-O b5 9. Be2 c6 10. Bf3 Qc7 11. Rhe1 Ng4 12. Bxg4 Bxg4 13. f3 Bc8 14. Nf5
Bxf5 15. exf5 Rd8 16. Bxd6 Bxd6 17. Qxd6 Qxd6 18. Rxd6 Rc8 19. Red1 Kf8 20.
Rd8+ Rxd8 21. Rxd8+ Ke7 22. Rh8 1-0

[Event "Copenhagen Chess Challenge 2010"]
[Site "Ballerup"]
[Date "2010.??.??"]
[Round "8"]
[White "Hansen, Rasmus Agertoft"]
[Black "Schmidt, Tommy B"]
[Result "1/2-1/2"]
[WhiteElo "1947"]
[BlackElo "2203"]
[PlyCount "57"]
[EventDate "2010.??.??"]
[EventType "swiss"]
[EventRounds "9"]
[EventCountry "DEN"]

1. d4 Nf6 2. c4 e6 3. Nf3 b6 4. a3 c5 5. Bg5 cxd4 6. b4 Bb7 7. Qxd4 Be7 8. Nbd2
d6 9. e3 Nbd7 10. Be2 Qc7 11. O-O O-O 12. Rfc1 Rac8 13. Nb3 Rfd8 14. Rab1 Nf8
15. Qa1 h6 16. Bh4 Ng6 17. Bg3 Ne4 18. Nfd4 Nxg3 19. hxg3 Be4 20. Rb2 Ne5 21.
Rd2 Qb7 22. Bf1 Qa8 23. Qa2 a6 24. f3 Bb7 25. Kf2 Rc7 26. Be2 Rdc8 27. Rdc2 Nd7
28. Nd2 Bf6 29. Nf1 1/2-1/2

[Event "Copenhagen Chess Challenge 2010"]
[Site "Ballerup"]
[Date "2010.??.??"]
[Round "8"]
[White "Akdag, Dara Sevkan"]
[Black "Grove, Peter"]
[Result "1-0"]
[WhiteElo "2171"]
[BlackElo "2124"]
[PlyCount "109"]
[EventDate "2010.??.??"]
[EventType "swiss"]
[EventRounds "9"]
[EventCountry "DEN"]

1. Nf3 Nf6 2. g3 b6 3. Bg2 Bb7 4. d4 e6 5. c4 Bb4+ 6. Nbd2 O-O 7. O-O d6 8. Nb1
d5 9. a3 Bd6 10. cxd5 exd5 11. Nc3 c6 12. Nh4 Qd7 13. Qc2 Re8 14. Bg5 Ne4 15.
Nxe4 dxe4 16. Bxe4 Qg4 17. f4 h6 18. Nf5 Bf8 19. Bf3 Qh3 20. Bg2 Qh5 21. Bf3
Qg6 22. Bh4 Bc8 23. e4 Bxf5 24. exf5 Qd6 25. Rad1 a5 26. Bg2 Ra7 27. g4 Rc7 28.
f6 Qe6 29. Rfe1 Qd7 30. Rxe8 Qxe8 31. Re1 Qd7 32. Qe4 Qxg4 33. fxg7 Bxg7 34.
Qe8+ Bf8 35. Bf2 Rc8 36. Qe4 Bg7 37. Re3 Nd7 38. Rg3 Qd1+ 39. Bf1 Nf8 40. Kg2
Qh5 41. f5 f6 42. Bc4+ Kh8 43. Rxg7 Kxg7 44. Qe7+ Kh8 45. Qxf6+ Kh7 46. Qe7+
Kh8 47. Bg3 Qg5 48. f6 Nh7 49. h4 Qg4 50. Bd3 Nf8 51. f7 Ng6 52. Qf6+ Kh7 53.
f8=Q Rxf8 54. Qxf8 Qe6 55. Qf5 1-0

[Event "Copenhagen Chess Challenge 2010"]
[Site "Ballerup"]
[Date "2010.??.??"]
[Round "8"]
[White "Eriksson, Christian Altenburg"]
[Black "Andersen, Rune Egede"]
[Result "1-0"]
[WhiteElo "2155"]
[BlackElo "2073"]
[PlyCount "159"]
[EventDate "2010.??.??"]
[EventType "swiss"]
[EventRounds "9"]
[EventCountry "DEN"]

1. e4 e6 2. d4 d5 3. e5 c5 4. c3 Qb6 5. Nf3 Nc6 6. a3 Nh6 7. b4 cxd4 8. cxd4
Nf5 9. Be3 f6 10. exf6 gxf6 11. Bd3 Nxe3 12. fxe3 Bd7 13. O-O Rc8 14. Qe2 Bg7
15. Nbd2 O-O 16. Kh1 e5 17. dxe5 fxe5 18. e4 d4 19. Ng5 h6 20. Bc4+ Kh8 21. Qh5
Ne7 22. Nf7+ Kh7 23. Nxe5 Be8 24. Qh4 Bf6 25. Qh3 Qd6 26. Ng4 Bg7 27. Rxf8 Bxf8
28. e5 Qc6 29. Nf6+ Kh8 30. Rf1 Bg7 31. Be6 Rc7 32. Nxe8 Qxe8 33. Bf7 Qb5 34.
Qf3 Qxe5 35. Ne4 Nc6 36. Nc5 Re7 37. Bc4 Nd8 38. Qg4 b6 39. Bd3 Qg5 40. Qc8 Re3
41. Ne4 Qe7 42. Qf5 Rxd3 43. Nf6 Bxf6 44. Qxd3 Bg7 45. h3 Qe3 46. Qg6 Ne6 47.
Qe8+ Kh7 48. Qf7 Qe5 49. Qf3 Ng5 50. Qd3+ Qe4 51. Qd2 Be5 52. Qf2 Bg7 53. h4
Ne6 54. Re1 Qd5 55. Qf7 d3 56. Qxe6 Qxe6 57. Rxe6 d2 58. Rd6 Bc3 59. Kg1 a5 60.
bxa5 Bxa5 61. a4 Bb4 62. Rd5 Kg6 63. Kf1 Ba5 64. Ke2 Kf6 65. g4 Kg6 66. Rd6+
Kg7 67. g5 hxg5 68. hxg5 Kf7 69. Kf3 Bb4 70. Rd4 Bc3 71. Rd5 Ke6 72. Ke4 Bb4
73. Rd3 Bc3 74. Kf4 Be5+ 75. Kg4 Bc3 76. g6 Kf6 77. Kh5 Bb4 78. Kh6 Bc5 79. g7
Kf7 80. Kh7 1-0

[Event "Copenhagen Chess Challenge 2010"]
[Site "Ballerup"]
[Date "2010.??.??"]
[Round "8"]
[White "Nguyen, Michael"]
[Black "Haubro, Martin"]
[Result "1-0"]
[WhiteElo "2187"]
[BlackElo "1907"]
[PlyCount "85"]
[EventDate "2010.??.??"]
[EventType "swiss"]
[EventRounds "9"]
[EventCountry "DEN"]

1. d4 f5 2. g3 Nf6 3. Bg2 g6 4. Nf3 Bg7 5. O-O d6 6. c4 O-O 7. Nc3 Qe8 8. d5 c6
9. Rb1 Na6 10. b4 Nc7 11. Bb2 cxd5 12. cxd5 b6 13. Qb3 Ng4 14. Rfd1 b5 15. Nd4
a6 16. e3 Ne5 17. a4 Bd7 18. axb5 axb5 19. Bf1 Qb8 20. Ra1 Qb6 21. Rxa8 Rxa8
22. Ra1 Rxa1 23. Bxa1 Ng4 24. Nce2 Nf6 25. Nc3 Ng4 26. Nb1 Nf6 27. Bg2 Qb7 28.
Nc3 Kf8 29. h3 Ke8 30. Bb2 Kf8 31. Qa2 Ke8 32. Kh2 Kf8 33. Bc1 Ke8 34. Bd2 Kf8
35. Kg1 Nfe8 36. Nc6 Nf6 37. Nd8 Qc8 38. Nc6 Qb7 39. Nd4 Nfe8 40. Nce2 Be5 41.
Bc3 Kf7 42. Ne6 Bxc3 43. Nd8+ 1-0

[Event "Copenhagen Chess Challenge 2010"]
[Site "Ballerup"]
[Date "2010.??.??"]
[Round "8"]
[White "Brondum, Eric"]
[Black "Christensen, Casper"]
[Result "1/2-1/2"]
[WhiteElo "2135"]
[BlackElo "1893"]
[PlyCount "68"]
[EventDate "2010.??.??"]
[EventType "swiss"]
[EventRounds "9"]
[EventCountry "DEN"]

1. Nf3 c5 2. b3 Nc6 3. Bb2 d5 4. e3 Bg4 5. h3 Bh5 6. Bb5 Qc7 7. g4 Bg6 8. Ne5
a6 9. Bxc6+ bxc6 10. d3 f6 11. Nxg6 hxg6 12. Qf3 e5 13. Nd2 Bd6 14. O-O-O O-O-O
15. e4 Ne7 16. h4 Qd7 17. Rdg1 Rdf8 18. h5 Bc7 19. Ba3 Bb6 20. Qe2 Rh7 21. hxg6
Rxh1 22. Rxh1 Nxg6 23. Qf3 Rh8 24. Rxh8+ Nxh8 25. Nf1 Ng6 26. Ne3 Nf4 27. Ng2
g5 28. Nxf4 exf4 29. Bb2 d4 30. Qh3 Qg7 31. Qh5 Kd7 32. Ba3 a5 33. Kb1 Ke7 34.
f3 Kd8 1/2-1/2

[Event "Copenhagen Chess Challenge 2010"]
[Site "Ballerup"]
[Date "2010.??.??"]
[Round "8"]
[White "Rostgaard, Tobias Valentin"]
[Black "Olsen, Aage"]
[Result "1-0"]
[WhiteElo "2037"]
[BlackElo "2095"]
[PlyCount "103"]
[EventDate "2010.??.??"]
[EventType "swiss"]
[EventRounds "9"]
[EventCountry "DEN"]

1. d4 Nf6 2. c4 e5 3. dxe5 Ng4 4. Nf3 Bc5 5. e3 Nc6 6. Nbd2 O-O 7. a3 Ngxe5 8.
b4 Be7 9. Bb2 Bf6 10. Qc2 d6 11. Be2 Re8 12. O-O Nxf3+ 13. Nxf3 Bxb2 14. Qxb2
Ne5 15. Rad1 Qf6 16. Nxe5 Rxe5 17. c5 d5 18. e4 Rxe4 19. Qxf6 gxf6 20. Bf3 Re8
21. Bxd5 c6 22. Bf3 Be6 23. Rfe1 a6 24. h4 Kf8 25. Rd6 Rad8 26. Red1 Ke7 27.
Kh2 Rxd6 28. Rxd6 f5 29. Kg3 h6 30. Kf4 Rg8 31. g3 f6 32. Be2 Bd7 33. f3 a5 34.
Bd3 axb4 35. axb4 h5 36. Bc2 b6 37. Bxf5 Bxf5 38. Kxf5 bxc5 39. bxc5 Rxg3 40.
f4 Rc3 41. Rxc6 Kd7 42. Rd6+ Kc7 43. Rxf6 Rxc5+ 44. Kg6 Kd7 45. f5 Rc8 46. Re6
Rc5 47. Kf6 Ra5 48. Re7+ Kd8 49. Re5 Ra4 50. Kg5 Rg4+ 51. Kxh5 Rg1 52. f6 1-0

[Event "Copenhagen Chess Challenge 2010"]
[Site "Ballerup"]
[Date "2010.??.??"]
[Round "8"]
[White "Skjoldager, Mikael"]
[Black "Schmidt, Horst Hubert"]
[Result "1-0"]
[WhiteElo "1958"]
[BlackElo "1873"]
[PlyCount "67"]
[EventDate "2010.??.??"]
[EventType "swiss"]
[EventRounds "9"]
[EventCountry "DEN"]

1. e4 e6 2. d4 d5 3. Nc3 Bb4 4. e5 c5 5. a3 cxd4 6. axb4 dxc3 7. bxc3 Qc7 8.
Qd4 Ne7 9. Bb5+ Bd7 10. Bxd7+ Nxd7 11. f4 O-O 12. Nf3 a6 13. O-O Rac8 14. Bd2
Nb6 15. Qf2 Nc4 16. Bc1 Nc6 17. Ba3 Rfd8 18. Nd2 Nxd2 19. Qxd2 Qb6+ 20. Kh1 Na7
21. f5 exf5 22. Rxf5 Nb5 23. Bb2 Qe6 24. Raf1 Rd7 25. R1f3 Rc4 26. Qg5 Re4 27.
h3 Qg6 28. Rxf7 Qxf7 29. Rxf7 Kxf7 30. Qf5+ Ke8 31. c4 g6 32. Qe6+ Re7 33. Qg8+
Kd7 34. Qxd5+ 1-0

[Event "Copenhagen Chess Challenge 2010"]
[Site "Ballerup"]
[Date "2010.??.??"]
[Round "8"]
[White "Molvig, Henrik"]
[Black "Kallen, Jonas"]
[Result "1-0"]
[WhiteElo "2193"]
[BlackElo "1893"]
[PlyCount "99"]
[EventDate "2010.??.??"]
[EventType "swiss"]
[EventRounds "9"]
[EventCountry "DEN"]

1. d4 d5 2. c4 c6 3. Nf3 Nf6 4. Nc3 e6 5. Bg5 h6 6. Bh4 dxc4 7. e4 g5 8. Bg3 b5
9. h4 g4 10. Ne5 h5 11. Be2 Bb7 12. O-O Nbd7 13. a3 Bh6 14. b3 cxb3 15. Qxb3
O-O 16. Rfd1 Qe7 17. Nc4 Nb6 18. Nd6 Rfd8 19. e5 Nfd5 20. Nce4 Nc8 21. f3 Be3+
22. Kh1 Kh8 23. Nf6 Nxd6 24. exd6 Rxd6 25. Qd3 Nxf6 26. Qxe3 Rd5 27. Be5 Rxe5
28. dxe5 Nh7 29. g3 c5 30. Kh2 c4 31. fxg4 hxg4 32. Bxg4 Rg8 33. Bf3 Bxf3 34.
Qxf3 Qc5 35. Re1 Rf8 36. Rad1 f6 37. Qe3 Qc6 38. Rd6 Qb7 39. Rxe6 a5 40. Rb6
Qd5 41. e6 Re8 42. e7 f5 43. Qe5+ Qxe5 44. Rxe5 c3 45. Rbxb5 Nf6 46. Rxf5 Kg7
47. Rbc5 Ne4 48. Rc7 c2 49. Rxc2 Rxe7 50. Re2 1-0

[Event "Copenhagen Chess Challenge 2010"]
[Site "Ballerup"]
[Date "2010.??.??"]
[Round "8"]
[White "Kokholm, Daniel"]
[Black "Peschardt, Soren"]
[Result "0-1"]
[WhiteElo "1962"]
[BlackElo "2069"]
[PlyCount "60"]
[EventDate "2010.??.??"]
[EventType "swiss"]
[EventRounds "9"]
[EventCountry "DEN"]

1. Nc3 c5 2. e4 Nc6 3. f4 e6 4. Nf3 g6 5. d3 Bg7 6. g3 Nd4 7. Nxd4 cxd4 8. Ne2
Ne7 9. Bg2 O-O 10. O-O d6 11. g4 f5 12. g5 Qc7 13. Bd2 Qb6 14. Rb1 Bd7 15. Kh1
Rac8 16. c3 Nc6 17. c4 e5 18. a3 Rce8 19. Qe1 fxe4 20. Bxe4 Bf5 21. Bd5+ Kh8
22. Nc1 exf4 23. Qh4 Ne7 24. Bg2 Bd7 25. Be4 Bc6 26. Ne2 Nf5 27. Qxf4 Ne3 28.
Bxe3 Rxf4 29. Bxf4 Rxe4 30. dxe4 Bxe4+ 0-1

[Event "Copenhagen Chess Challenge 2010"]
[Site "Ballerup"]
[Date "2010.??.??"]
[Round "8"]
[White "Pallesen, Jacob"]
[Black "Tandrup, Michael"]
[Result "0-1"]
[WhiteElo "2028"]
[BlackElo "1954"]
[PlyCount "136"]
[EventDate "2010.??.??"]
[EventType "swiss"]
[EventRounds "9"]
[EventCountry "DEN"]

1. d4 Nf6 2. Nf3 d5 3. c4 c6 4. Nc3 e6 5. e3 Bd6 6. Bd3 dxc4 7. Bxc4 b5 8. Bd3
a6 9. e4 Be7 10. Bg5 Bb7 11. e5 Nd5 12. Ne4 O-O 13. Bxe7 Qxe7 14. Nd6 f6 15.
O-O fxe5 16. dxe5 c5 17. Nxb7 Qxb7 18. Ng5 h6 19. Nxe6 Nf4 20. Nxf4 Rxf4 21.
Qh5 Nc6 22. g3 Nd4 23. f3 Nxf3+ 24. Kf2 Nxe5+ 25. gxf4 Nxd3+ 26. Kg3 Qe4 27. b3
Rf8 28. Qf3 Qg6+ 29. Qg4 Qe4 30. f5 Qe5+ 31. Kg2 Rd8 32. Rad1 Rd4 33. Qf3 c4
34. bxc4 bxc4 35. f6 Qg5+ 36. Kh1 Rf4 37. Qa8+ Kf7 38. fxg7 Kxg7 39. Rxf4 Qxf4
40. Rg1+ Kf6 41. Qxa6+ Ke5 42. Qa5+ Kd4 43. Qd8+ Kc5 44. Qe7+ Kd4 45. Qd7+ Kc3
46. Qg7+ Kd2 47. Rg2+ Ke3 48. Qa7+ Ke4 49. Qb7+ Kd4 50. Qd7+ Kc3 51. Qg7+ Kb4
52. Qe7+ Kc3 53. Qe2 Qc1+ 54. Rg1 Qf4 55. Rf1 Qd4 56. Qf3 Qe5 57. a4 Qc5 58.
Qf6+ Kb3 59. Qxh6 Kxa4 60. Rb1 Qd5+ 61. Kg1 Qd4+ 62. Kg2 Qf2+ 63. Kh3 Qf5+ 64.
Kh4 Qe4+ 65. Kg5 Qf4+ 66. Kg6 Ne5+ 67. Kg7 Qf7+ 68. Kh8 Ng6+ 0-1

[Event "Copenhagen Chess Challenge 2010"]
[Site "Ballerup"]
[Date "2010.??.??"]
[Round "8"]
[White "Frank Nielsen, Marie"]
[Black "Knudsen, Jes West"]
[Result "0-1"]
[WhiteElo "1992"]
[BlackElo "1938"]
[PlyCount "106"]
[EventDate "2010.??.??"]
[EventType "swiss"]
[EventRounds "9"]
[EventCountry "DEN"]

1. e4 d5 2. exd5 Nf6 3. Nc3 Nxd5 4. d4 Nxc3 5. bxc3 e5 6. Bb2 Be6 7. dxe5 Nc6
8. Nf3 Bc5 9. Qxd8+ Rxd8 10. Bb5 O-O 11. O-O Na5 12. Bc1 Bc4 13. Bxc4 Nxc4 14.
Bg5 Rde8 15. Bf4 Ba3 16. Rad1 Bb2 17. Rd7 Rc8 18. Rd3 Rfe8 19. Rb1 b5 20. h4
Re6 21. Ng5 Re7 22. Nf3 c5 23. Rbd1 h6 24. g4 Na3 25. g5 h5 26. Ne1 c4 27. Rg3
a5 28. g6 fxg6 29. Rd6 Rf8 30. Ng2 b4 31. cxb4 axb4 32. Rdxg6 Nxc2 33. e6 Nd4
34. Re3 Bc1 35. Bd6 Bxe3 36. Nxe3 b3 37. axb3 cxb3 38. Nd1 Rxe6 39. Rxe6 Nxe6
40. Bxf8 Kxf8 41. Kf1 Nd4 42. Ke1 Nf3+ 43. Ke2 Nxh4 44. Kd3 Nf3 45. Ke3 Ne5 46.
f4 Nc4+ 47. Kf3 b2 48. Nc3 Nd2+ 49. Kg3 b1=Q 50. Nxb1 Nxb1 51. Kh4 Kf7 52. Kxh5
Kf6 53. Kg4 g6 0-1

[Event "Copenhagen Chess Challenge 2010"]
[Site "Ballerup"]
[Date "2010.??.??"]
[Round "8"]
[White "Hauge, Lars Oskar"]
[Black "Langmyhr, Tore"]
[Result "0-1"]
[WhiteElo "1823"]
[BlackElo "1991"]
[PlyCount "68"]
[EventDate "2010.??.??"]
[EventType "swiss"]
[EventRounds "9"]
[EventCountry "DEN"]

1. e4 d5 2. exd5 Nf6 3. Nf3 Nxd5 4. d4 Bg4 5. Be2 e6 6. O-O Be7 7. h3 Bh5 8.
Nc3 O-O 9. Be3 Nxe3 10. fxe3 c5 11. d5 Qb6 12. Na4 Qc7 13. c4 Nd7 14. Nc3 a6
15. Ne4 exd5 16. cxd5 Bxf3 17. Bxf3 Bd6 18. Qc2 Rae8 19. Rae1 b5 20. a4 Ne5 21.
Be2 c4 22. Ng5 Ng6 23. Bg4 Bc5 24. Rf3 Re7 25. Bf5 Ne5 26. Bxh7+ Kh8 27. Rf4
Ng6 28. Re4 Qg3 29. Rf1 Qxg5 30. Bxg6 Qxg6 31. Rh4+ Kg8 32. Rf5 Bxe3+ 33. Kh1
Re5 34. Rfh5 Rxh5 0-1

[Event "Copenhagen Chess Challenge 2010"]
[Site "Ballerup"]
[Date "2010.??.??"]
[Round "8"]
[White "Reppen, Ellisiv"]
[Black "Poulsen, Iver"]
[Result "1-0"]
[WhiteElo "1944"]
[BlackElo "2140"]
[PlyCount "91"]
[EventDate "2010.??.??"]
[EventType "swiss"]
[EventRounds "9"]
[EventCountry "DEN"]

1. e4 c5 2. Nf3 Nc6 3. d4 cxd4 4. Nxd4 d5 5. exd5 Qxd5 6. Be3 e6 7. Nc3 Bb4 8.
a3 Bxc3+ 9. bxc3 Nf6 10. Nb5 Qxd1+ 11. Rxd1 Kf8 12. Bc5+ Kg8 13. Nc7 Nd7 14.
Nxa8 Nxc5 15. Bb5 g6 16. Bxc6 bxc6 17. Rd8+ Kg7 18. Rxh8 Kxh8 19. Nc7 Kg7 20.
Ke2 Kf8 21. Rb1 Ke7 22. Rb8 Kd8 23. Ne8 Nd7 24. Rxc8+ Kxc8 25. Nd6+ Kc7 26.
Nxf7 Nc5 27. Ng5 h6 28. Nf7 h5 29. Ne5 g5 30. f3 Kb6 31. Ke3 Kb5 32. g4 hxg4
33. fxg4 a5 34. Kd4 Nb7 35. c4+ Ka4 36. Nxc6 Kxa3 37. Kc3 a4 38. Nd4 Nc5 39.
Nb5+ Ka2 40. Kb4 Ne4 41. c5 Kb2 42. c6 Nf6 43. c4 Nxg4 44. c7 Ne5 45. c8=Q Nd3+
46. Kxa4 1-0

[Event "Copenhagen Chess Challenge 2010"]
[Site "Ballerup"]
[Date "2010.??.??"]
[Round "8"]
[White "Andersen, Daniel"]
[Black "Skovle, Lars"]
[Result "1-0"]
[WhiteElo "1948"]
[BlackElo "1678"]
[PlyCount "47"]
[EventDate "2010.??.??"]
[EventType "swiss"]
[EventRounds "9"]
[EventCountry "DEN"]

1. c4 e6 2. g3 f5 3. Bg2 Nf6 4. Nc3 c5 5. Nf3 Nc6 6. d4 cxd4 7. Nxd4 Bb4 8.
Ndb5 O-O 9. a3 Be7 10. O-O Ne8 11. Bf4 g5 12. Bd6 a6 13. Bxe7 Nxe7 14. Nd6 Qc7
15. Nxe8 Rxe8 16. Qd4 Kf7 17. c5 Nc6 18. Qe3 h6 19. Na4 d5 20. cxd6 Qxd6 21.
Nb6 Rb8 22. Rfd1 Qe5 23. Bxc6 Qxe3 24. Bxe8+ 1-0

[Event "Copenhagen Chess Challenge 2010"]
[Site "Ballerup"]
[Date "2010.??.??"]
[Round "8"]
[White "Lofberg, Jan"]
[Black "Petrovski, Petruli"]
[Result "1-0"]
[WhiteElo "1937"]
[BlackElo "1818"]
[PlyCount "85"]
[EventDate "2010.??.??"]
[EventType "swiss"]
[EventRounds "9"]
[EventCountry "DEN"]

1. e4 c5 2. Nf3 d6 3. d4 cxd4 4. Nxd4 Nf6 5. Nc3 a6 6. f3 e5 7. Nb3 Be6 8. Nd5
Nxe4 9. fxe4 Qh4+ 10. Kd2 Qxe4 11. Nc7+ Kd8 12. Nxa8 g6 13. Qe2 Qb4+ 14. c3 Qh4
15. g3 Qa4 16. Nb6 Qc6 17. Bg2 Qxb6 18. Ke1 h5 19. Bg5+ Kc8 20. Be3 Qc7 21. h4
f5 22. Rd1 Nc6 23. Qf2 Qf7 24. Bxc6 bxc6 25. Na5 Bd5 26. Rh2 Be7 27. Qe2 f4 28.
Qxa6+ Kd7 29. Qb7+ Ke6 30. gxf4 exf4 31. Bd4 Re8 32. Re2+ Kf5 33. Qd7+ Be6 34.
Qxc6 Bxh4+ 35. Kd2 Bd7 36. Qf3 Rxe2+ 37. Qxe2 Kg5 38. Nc4 Kh6 39. Nxd6 Qxa2 40.
c4 Qa4 41. Qe5 Qb4+ 42. Bc3 Bf6 43. Qxf6 1-0

[Event "Copenhagen Chess Challenge 2010"]
[Site "Ballerup"]
[Date "2010.??.??"]
[Round "8"]
[White "Molvig, Julius"]
[Black "Marshall, Michael"]
[Result "1-0"]
[WhiteElo "1782"]
[BlackElo "1906"]
[PlyCount "61"]
[EventDate "2010.??.??"]
[EventType "swiss"]
[EventRounds "9"]
[EventCountry "DEN"]

1. d4 d5 2. c4 e6 3. Nc3 c5 4. cxd5 cxd4 5. dxe6 Bxe6 6. Ne4 Nc6 7. Nf3 Nf6 8.
Nxf6+ Qxf6 9. Bg5 Qf5 10. g3 h6 11. Bf4 Bb4+ 12. Bd2 Bc5 13. Bg2 O-O 14. O-O
Rfe8 15. Rc1 Bxa2 16. Nh4 Qe5 17. Bf4 Qe7 18. Nf5 Qxe2 19. Rxc5 Qxd1 20. Rxd1
Bb3 21. Bxc6 Bxd1 22. Bxe8 Rxe8 23. Nxd4 Re7 24. Re5 Rd7 25. Be3 Kf8 26. Kf1 a6
27. f3 Rc7 28. Ra5 Re7 29. Kf2 Rc7 30. Ra1 Bc2 31. Rc1 1-0

[Event "Copenhagen Chess Challenge 2010"]
[Site "Ballerup"]
[Date "2010.??.??"]
[Round "9"]
[White "Tikkanen, Hans"]
[Black "Brynell, Stellan"]
[Result "1/2-1/2"]
[WhiteElo "2465"]
[BlackElo "2479"]
[PlyCount "83"]
[EventDate "2010.??.??"]
[EventType "swiss"]
[EventRounds "9"]
[EventCountry "DEN"]

1. d4 e6 2. c4 Nf6 3. Nc3 Bb4 4. Bg5 h6 5. Bh4 c5 6. d5 b5 7. dxe6 fxe6 8. cxb5
d5 9. e3 O-O 10. a3 Bxc3+ 11. bxc3 Qa5 12. Bxf6 Rxf6 13. Qb3 a6 14. bxa6 Nc6
15. Nf3 Bxa6 16. Bxa6 Qxa6 17. Qc2 Rf7 18. c4 Qxc4 19. Qxc4 dxc4 20. O-O Rfa7
21. Rac1 Rxa3 22. Rxc4 R8a5 23. h4 R3a4 24. Rfc1 Rxc4 25. Rxc4 Kf7 26. h5 Ke7
27. Rg4 Kf7 28. Rc4 Ke7 29. Rg4 Kf7 30. Kh2 c4 31. Rxc4 Rxh5+ 32. Kg3 Ne7 33.
e4 Ng6 34. Rc7+ Kg8 35. Rd7 Ra5 36. Nd4 Ra6 37. f3 h5 38. Rc7 Rd6 39. Rc4 h4+
40. Kf2 Nf4 41. Nc6 g5 42. Rc2 1/2-1/2